000 00473nam a2200181Ia 4500
001 8469
005 20260306160611.0
008 260306t2019||||xx |||||||||||||| ||spa||
041 _aESP
082 _a371.1
_bC29
100 _aCarbonell Sebarroja, Jaume,
_eAUT
245 0 _aPedagogías del siglo XXI :
_balternativas para la innovación educativa
260 _c2019
300 _a292 páginas :
_c21 cm.
650 _aGEN
654 _aCED
942 _cLIB
_dJUS
_fJUS
_2ddc
_n
999 _c8469
_d8469